| 000 | 00894nam a2200229Ii 4500 | ||
|---|---|---|---|
| 003 | JO-AjNU | ||
| 008 | 230605s9999||||xx |||||||||||||| ||und|| | ||
| 017 | _a2004/5/1071 | ||
| 020 | _a978-9957-06-219-4 | ||
| 040 |
_aJO-AjNU _bara _erda _cJO-AjNU |
||
| 041 | _aara | ||
| 050 | 1 | 4 | _aBF311.U882 2021 |
| 100 | 3 |
_aتأليف العتوم، عدنان يوسف, _eauthor _960612 |
|
| 245 | 0 | 0 | _aعلم النفس المعرفي: النظرية والتطبيق=COGNITIVE PSYCHOLOGY |
| 250 | _aالطبعة التاسعة | ||
| 264 | 3 | 1 | _aعمان: دار المسيرة للنشر والتوزيع، 2021 |
| 300 |
_a352ص _b ويحتوي على قائمة مراجع من ص343ص- 352ص |
||
| 336 |
_atext _btxt _2rdacontent |
||
| 337 |
_aunmediated _bn _2rdamedia |
||
| 338 |
_avolume _bnc _2rdacarrier |
||
| 650 | 4 |
_aعلم النفس المعرفي-التربية - التعليم _960613 |
|
| 999 |
_aA27342 _c30910 _d30910 |
||